[Event "Bad Soden U14 op 5th"]
[White "Coskun, Eray"]
[Black "Edelmann, Anastasija"]
[Site "Bad Soden"]
[Round "5.17"]
[Result "0-1"]
[Date "2018.10.01"]
[WhiteElo "1015"]
[BlackElo "864"]
[PlyCount "34"]
[EventDate "2018.09.30"]
[EventType "swiss"]
[EventRounds "7"]
[EventCountry "GER"]
[SourceTitle "EXT 2020"]
[Source "ChessBase"]
[SourceDate "2019.10.17"]
[SourceVersion "1"]
[SourceVersionDate "2019.10.17"]
[SourceQuality "1"]

1. e4 e5 2. Nf3 Nc6 3. Bc4 Nf6 4. d3 Bc5 5. Bg5 d6 6. h3 h6 7. Bh4 g5 8. Bg3 Nh5 9. Bh2 Qf6 10. 0-0 Qg6 11. Nc3 g4 12. hxg4 Bxg4 13. Nd5 0-0 14. Bb5 Bh3 15. g3 Nxg3 16. Bxg3 Qxg3+ 17. Kh1 Qg2# 0-1

[Event "Bad Soden U14 op 5th"]
[White "Coskun, Eray"]
[Black "Lorenz, Alexander1"]
[Site "Bad Soden"]
[Round "1.4"]
[Result "0-1"]
[Date "2018.09.30"]
[WhiteElo "1015"]
[BlackElo "1748"]
[PlyCount "82"]
[EventDate "2018.09.30"]
[EventType "swiss"]
[EventRounds "7"]
[EventCountry "GER"]
[SourceTitle "EXT 2020"]
[Source "ChessBase"]
[SourceDate "2019.10.17"]
[SourceVersion "1"]
[SourceVersionDate "2019.10.17"]
[SourceQuality "1"]

1. e4 c5 2. Nc3 d6 3. Nf3 g6 4. d4 cxd4 5. Nxd4 Bg7 6. Bc4 Nf6 7. 0-0 0-0 8. Re1 Nc6 9. Nf3 Bg4 10. Bf4 Rc8 11. h3 Bxf3 12. Qxf3 Nd4 13. Qd3 Rxc4 14. Qxc4 Nxc2 15. Qa4 Nxa1 16. Rxa1 Qb6 17. b3 Nxe4 18. Qxe4 Bxc3 19. Rd1 Bf6 20. Qe3 Qxe3 21. Bxe3 Be5 22. Bxa7 Ra8 23. Be3 Rxa2 24. Bh6 Bg7 25. Bg5 f6 26. Bh4 g5 27. Bg3 f5 28. f4 h6 29. h4 gxf4 30. Bxf4 Kf7 31. h5 Rb2 32. Rd5 e5 33. Bg3 Rxb3 34. Bh2 Ke6 35. Rd2 f4 36. Re2 Kf5 37. Rd2 Rb1+ 38. Kf2 e4 39. Rd5+ Be5 40. g3 e3+ 41. Kf3 Rf1+ 0-1

[Event "Bad Soden U14 op"]
[White "Coskun, Eray"]
[Black "Reinmann, Paul"]
[Site "Bad Soden"]
[Round "8"]
[Result "1-0"]
[Date "2017.10.03"]
[WhiteElo "795"]
[BlackElo "744"]
[PlyCount "75"]
[EventDate "2017.09.30"]
[EventType "swiss"]
[EventRounds "9"]
[EventCountry "GER"]
[SourceTitle "EXT 2019"]
[Source "ChessBase"]
[SourceDate "2018.10.10"]
[SourceVersion "1"]
[SourceVersionDate "2018.10.10"]
[SourceQuality "1"]

1. e4 e5 2. Nf3 Nc6 3. Bc4 Bc5 4. 0-0 d6 5. h3 h6 6. d3 Nf6 7. Be3 Bd4 8. c3 Bxe3 9. fxe3 Nh5 10. d4 Ng3 11. Rf2 Nxe4 12. Rf1 Ng3 13. Re1 0-0 14. Nbd2 Na5 15. dxe5 d5 16. Bb3 b5 17. Qc2 Nf5 18. c4 bxc4 19. Ba4 Bd7 20. e4 Nh4 21. Bxd7 Qxd7 22. Nxh4 Nc6 23. Nf5 dxe4 24. Rf1 Nb4 25. Qc3 c5 26. e6 Qd4+ 27. Nxd4 cxd4 28. Qxb4 Kh7 29. exf7 Rab8 30. Qxb8 Rxb8 31. f8Q Rxf8 32. Rxf8 e3 33. Nxc4 e2 34. Rd8 e1Q+ 35. Rxe1 a5 36. Nxa5 d3 37. Rxd3 g5 38. Re6 1-0

[Event "Bad Soden U14 op"]
[White "Moldenhauer, Lennart"]
[Black "Coskun, Eray"]
[Site "Bad Soden"]
[Round "9"]
[Result "1-0"]
[Date "2017.10.03"]
[WhiteElo "1272"]
[BlackElo "795"]
[PlyCount "55"]
[EventDate "2017.09.30"]
[EventType "swiss"]
[EventRounds "9"]
[EventCountry "GER"]
[SourceTitle "EXT 2019"]
[Source "ChessBase"]
[SourceDate "2018.10.10"]
[SourceVersion "1"]
[SourceVersionDate "2018.10.10"]
[SourceQuality "1"]

1. e4 e5 2. Nf3 Nc6 3. d4 d6 4. dxe5 Bg4 5. Be2 h6 6. exd6 cxd6 7. Bf4 Nf6 8. h3 Nh5 9. Bh2 Be6 10. 0-0 d5 11. exd5 Bxd5 12. Nc3 Nf6 13. Re1 a6 14. Bc4+ Be6 15. Bxe6 fxe6 16. Rxe6+ Be7 17. Qe2 0-0 18. Rd1 Qb6 19. Ne5 Qxb2 20. Nxc6 bxc6 21. Rxc6 Bb4 22. Nb1 Rac8 23. Qc4+ Kh7 24. Rxc8 Rxc8 25. Qxc8 Ne4 26. Qf5+ Kg8 27. Rd8+ Bf8 28. Rxf8# 1-0